Chemical experimentation under extreme conditions

Detaylı Bibliyografya
Diğer Yazarlar: Rossiter B. W. (редактор)
Özet:This purpose of this volume is to provide a working laboratory guide for schieving, controlling, measuring and using the extreme limits of some intensive and extensive variables such as temperature, pressure, time and material quantity. It is the aim of the authors to define the value, potential, and limitation of the respective techniques in terms of their application to the study of chemical substances and their transformations
Dil:İngilizce
Baskı/Yayın Bilgisi: New York, John Wiley and Sons, Inc., 1980
Seri Bilgileri:Techniques of Chemistry V. 9
Konular:
Materyal Türü: MixedMaterials Kitap
KOHA link:https://koha.lib.tpu.ru/cgi-bin/koha/opac-detail.pl?biblionumber=246650

MARC

LEADER 00000nam0a2200000 4500
001 246650
005 20231101232227.0
010 |a 0471932698 
035 |a (RuTPU)RU\TPU\book\268103 
090 |a 246650 
100 |a 20131206d1980 k y0rusy50 ca 
101 0 |a eng 
102 |a US 
105 |a a z 001zy 
200 1 |a Chemical experimentation under extreme conditions  |f edited by B. W. Rossiter 
210 |a New York  |c John Wiley and Sons, Inc.  |d 1980 
215 |a 369 p.  |c il. 
225 1 |a Techniques of Chemistry  |v V. 9 
320 |a Index: p. 361-369. 
320 |a References: p. 340-360. 
330 |a This purpose of this volume is to provide a working laboratory guide for schieving, controlling, measuring and using the extreme limits of some intensive and extensive variables such as temperature, pressure, time and material quantity. It is the aim of the authors to define the value, potential, and limitation of the respective techniques in terms of their application to the study of chemical substances and their transformations 
606 1 |a Химический эксперимент  |2 stltpush  |3 (RuTPU)RU\TPU\subj\72794  |9 86188 
610 1 |a техническая химия 
610 1 |a методы 
610 1 |a высокое давление 
610 1 |a химические вещества 
610 1 |a температура 
610 1 |a давление 
675 |a 542  |v 3 
702 1 |a Rossiter  |b B. W.  |4 340 
801 1 |a RU  |b 63413507  |c 20131206 
801 2 |a RU  |b 63413507  |c 20131219  |g RCR 
942 |c BK